000 00366nam a2200157Ia 4500
003 OSt
005 20240311110900.0
008 170523s9999 xx 000 0 und d
020 _a978-1439272312
040 _ciimtu meerut
100 _aCALVIN- ROBERT- J
245 0 _aENTREPRENEURIAL MANAGMENT
260 _bTATA MC GRAW HILL
260 _c2004
942 _2ddc
_c02
999 _c1317
_d1317